000 00630nam a2200205Ii 4500
001 14098
003 CO-ViMGA
008 241108s9999||||xx |||||||||||||| ||und||
040 _aCO-ViMGA
_bspa
_erda
_cCO-ViMGA
041 0 _aspa
082 0 4 _a303.6209861 R33d
110 1 _aRed de Promotores de Derechos Humanos
_953039
245 1 0 _aEl desplazamiento forzado en Colombia
264 1 _aBogotá, Colombia : Defensoría del Pueblo, 2004
300 _avolumen
336 _atext
_btxt
_2rdacontent
337 _aunmediated
_bn
_2rdamedia
338 _avolume
_bnc
_2rdacarrier
940 _aidficha_siabuc: 13796. -- ficha_no_siabuc:14098
999 _c48600
_d48600